Rugby League Super League Champions - Statistics

General Stats
  • This quiz has been taken 84 times
  • The average score is 27 of 29
Answer Stats
Answer % Correct
1998 Wigan
99%
2010 Wigan
99%
2013 Wigan
99%
2016 Wigan
99%
2018 Wigan
99%
2023 Wigan
99%
2024 Wigan
99%
2004 Leeds
97%
2007 Leeds
97%
2008 Leeds
97%
2009 Leeds
97%
2011 Leeds
97%
2012 Leeds
97%
2015 Leeds
97%
2017 Leeds
97%
1996 St Helens
89%
1999 St Helens
89%
2000 St Helens
89%
2002 St Helens
89%
2006 St Helens
89%
2014 St Helens
89%
2019 St Helens
89%
2020 St Helens
89%
2021 St Helens
89%
2022 St Helens
89%
1997 Bradford
86%
2001 Bradford
86%
2003 Bradford
86%
2005 Bradford
86%
No matching quizzes found
Score Distribution
Percent of People with Each Score
Percentile by Number Answered
Your Score History
You have not taken this quiz